000 00458nam a2200157 4500
005 20260424224902.0
008 -
040 _aBiblioteca LadoV Teorética
_cBiblioteca LadoV Teorética
082 0 4 _a741.9
_bC198a
100 1 _aCampos, Luis
245 1 0 _aARES /
_cpor Luis Campos
260 1 _aMéxico :
_bCooperativa Cráter Invertido
_c2020
300 _a50 páginas :
_bdibujos a color ;
_c24 x 8.5 cm.
650 7 _2UNESCO
_aDIBUJO
_9703
942 _2ddc
_c1
_n0
999 _c4655
_d4655